Europe by Images - 'M' - Statistics

General Stats
  • This quiz has been taken 48 times
  • The average score is 7 of 16
Answer Stats
Picture Hint Answer % Correct
Physicist Marie Curie
94%
Capital Madrid
85%
Sea Mediterranean
83%
Country Malta
81%
City Milan
71%
Peak Matterhorn
65%
Actor Michael Fassbender
33%
Civilization Minoan
33%
City Malmö
31%
Queen Mary I
31%
Lake Maggiore
21%
Confectionary Marzipan
13%
Prime Minister Mario Draghi
10%
Castle Malbork
0%
National Park Mljet
0%
Beach Myrtos
0%
No matching quizzes found
Score Distribution
Percent of People with Each Score
Percentile by Number Answered
Your Score History
You have not taken this quiz